Catálogo

Latin America, facing contradictions and hopes / (Registro nro. 29625)

Detalles MARC
000 -LEADER
fixed length control field 01111cam a2200313 i 4500
001 - CONTROL NUMBER
control field 29625
003 - CONTROL NUMBER IDENTIFIER
control field Mx-PuUPA
005 - DATE AND TIME OF LATEST TRANSACTION
control field 20230527124827.0
008 - FIXED-LENGTH DATA ELEMENTS--GENERAL INFORMATION
fixed length control field 140415s1993 sp fr 000 0 eng d
017 ## - COPYRIGHT OR LEGAL DEPOSIT NUMBER
Copyright or legal deposit number M-5637-1993
020 ## - INTERNATIONAL STANDARD BOOK NUMBER
International Standard Book Number 8488562039
040 ## - CATALOGING SOURCE
Original cataloging agency Mx-PuUPA
Language of cataloging spa
Transcribing agency Mx-PuUPA
Modifying agency Mx-PuUPA
Description conventions rda
041 0# - LANGUAGE CODE
Language code of text/sound track or separate title eng
100 1# - MAIN ENTRY--PERSONAL NAME
Personal name Rosensohn, Nicole,
9 (RLIN) 14123
Relator term autor
245 10 - TITLE STATEMENT
Title Latin America, facing contradictions and hopes /
Statement of responsibility, etc. Nicole Rosensohn and Bertrand Schneider ; translation, Ann Johnston
264 #1 - PRODUCTION, PUBLICATION, DISTRIBUTION, MANUFACTURE, AND COPYRIGHT NOTICE
Place of production, publication, distribution, manufacture Bilbao :
Name of producer, publisher, distributor, manufacturer Fundación BBC,
-- The Club of Rome,
Date of production, publication, distribution, manufacture, or copyright notice 1993
300 ## - PHYSICAL DESCRIPTION
Extent 143 páginas ;
Dimensions 23 cm
336 ## - CONTENT TYPE
Fuente rdacontent
Content type term texto
Content type code txt
337 ## - MEDIA TYPE
Source rdamedia
Media type term sin medio
Media type code n
338 ## - CARRIER TYPE
Source rdacarrier
Carrier type term volumen
Carrier type code nc
650 #7 - SUBJECT ADDED ENTRY--TOPICAL TERM
Source of heading or term armarc
Topical term or geographic name entry element Desarrollo económico y social
Geographic subdivision América Latina
651 #4 - SUBJECT ADDED ENTRY--GEOGRAPHIC NAME
Geographic name América Latina
General subdivision Condiciones económicas
Chronological subdivision 1982
651 #4 - SUBJECT ADDED ENTRY--GEOGRAPHIC NAME
Geographic name América Latina
General subdivision Condiciones sociales
Chronological subdivision 1982
700 1# - ADDED ENTRY--PERSONAL NAME
Personal name Schneider, Bertrand,
Relator term autor
700 1# - ADDED ENTRY--PERSONAL NAME
Personal name Johnston, Ann,
Relator term traductor
942 ## - ADDED ENTRY ELEMENTS (KOHA)
Source of classification or shelving scheme Dewey Decimal Classification
Koha item type Libro
Classification part 330.98
Item part R788
Existencias
Withdrawn status Lost status Source of classification or shelving scheme Damaged status Not for loan Collection code Home library Current library Shelving location Date acquired Source of acquisition Total Checkouts Full call number Barcode Date last seen Price effective from Koha item type
    Dewey Decimal Classification     General Tehuacán Tehuacán Sala general 03/12/2013 Compra   330.98 R788 1993 968000001432 08/01/2025 03/12/2013 Libro